<?xml version="1.0" encoding="UTF-8"?><marc:collection xmlns:marc="http://www.loc.gov/MARC21/slim">
  <marc:record>
    <marc:leader>00000nam  2200000zi 4500</marc:leader>
    <marc:controlfield tag="001">9.936607</marc:controlfield>
    <marc:controlfield tag="003">CaOODSP</marc:controlfield>
    <marc:controlfield tag="005">20240729104758</marc:controlfield>
    <marc:controlfield tag="006">m     o  d f      </marc:controlfield>
    <marc:controlfield tag="007">cr mn|||||||||</marc:controlfield>
    <marc:controlfield tag="008">240410t20242024quca    ob   f000 0 fre d</marc:controlfield>
    <marc:datafield tag="020" ind1=" " ind2=" ">
      <marc:subfield code="a">9780660713076</marc:subfield>
    </marc:datafield>
    <marc:datafield tag="040" ind1=" " ind2=" ">
      <marc:subfield code="a">CaOODSP</marc:subfield>
      <marc:subfield code="b">fre</marc:subfield>
      <marc:subfield code="e">rda</marc:subfield>
      <marc:subfield code="c">CaOODSP</marc:subfield>
    </marc:datafield>
    <marc:datafield tag="041" ind1="0" ind2=" ">
      <marc:subfield code="a">fre</marc:subfield>
      <marc:subfield code="b">fre</marc:subfield>
      <marc:subfield code="b">eng</marc:subfield>
    </marc:datafield>
    <marc:datafield tag="043" ind1=" " ind2=" ">
      <marc:subfield code="a">n-cn-qu</marc:subfield>
      <marc:subfield code="a">ln-----</marc:subfield>
    </marc:datafield>
    <marc:datafield tag="086" ind1="1" ind2=" ">
      <marc:subfield code="a">Fs97-6/3605F-PDF</marc:subfield>
    </marc:datafield>
    <marc:datafield tag="100" ind1="1" ind2=" ">
      <marc:subfield code="a">Robillard, A., </marc:subfield>
      <marc:subfield code="e">auteur.</marc:subfield>
    </marc:datafield>
    <marc:datafield tag="245" ind1="1" ind2="0">
      <marc:subfield code="a">Méthodes complémentaires d'imagerie sous-marine déposée pour la collecte de données biologiques et environnementales : </marc:subfield>
      <marc:subfield code="b">volume 2 : procédures d'analyses photo et vidéo / </marc:subfield>
      <marc:subfield code="c">Amélie Robillard, David Lévesque et Marie-Julie Roux.</marc:subfield>
    </marc:datafield>
    <marc:datafield tag="264" ind1=" " ind2="1">
      <marc:subfield code="a">Mont-Joli, Québec : </marc:subfield>
      <marc:subfield code="b">Direction régionale des sciences, Pêches et océans Canada, Institut Maurice-Lamontagne, </marc:subfield>
      <marc:subfield code="c">2024.</marc:subfield>
    </marc:datafield>
    <marc:datafield tag="264" ind1=" " ind2="4">
      <marc:subfield code="c">©2024</marc:subfield>
    </marc:datafield>
    <marc:datafield tag="300" ind1=" " ind2=" ">
      <marc:subfield code="a">1 ressource en ligne (x, 95 pages) : </marc:subfield>
      <marc:subfield code="b">illustrations (principalement en couleur).</marc:subfield>
    </marc:datafield>
    <marc:datafield tag="336" ind1=" " ind2=" ">
      <marc:subfield code="a">texte</marc:subfield>
      <marc:subfield code="b">txt</marc:subfield>
      <marc:subfield code="2">rdacontent/fre</marc:subfield>
    </marc:datafield>
    <marc:datafield tag="337" ind1=" " ind2=" ">
      <marc:subfield code="a">informatique</marc:subfield>
      <marc:subfield code="b">c</marc:subfield>
      <marc:subfield code="2">rdamedia/fre</marc:subfield>
    </marc:datafield>
    <marc:datafield tag="338" ind1=" " ind2=" ">
      <marc:subfield code="a">ressource en ligne</marc:subfield>
      <marc:subfield code="b">cr</marc:subfield>
      <marc:subfield code="2">rdacarrier/fre</marc:subfield>
    </marc:datafield>
    <marc:datafield tag="490" ind1="1" ind2=" ">
      <marc:subfield code="a">Rapport technique canadien des sciences halieutiques et aquatiques, </marc:subfield>
      <marc:subfield code="x">1488-545X ; </marc:subfield>
      <marc:subfield code="v">3605</marc:subfield>
    </marc:datafield>
    <marc:datafield tag="500" ind1=" " ind2=" ">
      <marc:subfield code="a">Publié aussi en anglais sous le titre : Complementary underwater imaging methods for collecting biological and environmental data : volume 2 : photo and video analysis procedures.</marc:subfield>
    </marc:datafield>
    <marc:datafield tag="504" ind1=" " ind2=" ">
      <marc:subfield code="a">Comprend des références bibliographiques.</marc:subfield>
    </marc:datafield>
    <marc:datafield tag="520" ind1=" " ind2=" ">
      <marc:subfield code="a">« L'échantillonnage visuel permet la collecte de données biologiques et écologiques dans l'environnement marin, de manière peu intrusive et non-extractive. Les dispositifs d'imagerie déposés sont des systèmes polyvalents et faciles d'emploi pouvant être déployés dans différents milieux et permettre l'acquisition d'une grande quantité d'images. L'extraction des données sur les échantillons visuels récoltées lors des analyses d'imagerie représente un processus onéreux en temps et en expertise qui nécessite des procédures standardisées et interopérables. Ce rapport a pour objectif de contribuer au développement et à l'optimisation de procédures standardisées d'analyses d'échantillons photo et vidéo provenant de systèmes déposés, incluant l'usage d'un quadrat, d'un appât, et de la stéréoscopie. Un ensemble de pratiques, méthodes, et stratégies d’analyses sont présentées permettant de i) maximiser la qualité, la quantité, et la diversité des données récoltées; ii) de tenir compte des facteurs méthodologiques, écologiques, et environnementaux influençant la performance des dispositifs d'échantillonnage et la précision des données d'imagerie; et iii) de générer des données fiables accompagnées d'erreurs quantifiables. Ces procédures sont applicables à la plupart des environnements marins et échantillons photo ou vidéo issus de systèmes déposés. Leur application permettra d'augmenter la contribution de l'imagerie sous-marine à la gestion écosystémique des milieux marins » -- Résumé, page ix.</marc:subfield>
    </marc:datafield>
    <marc:datafield tag="546" ind1=" " ind2=" ">
      <marc:subfield code="a">Comprend des résumés en français et en anglais.</marc:subfield>
    </marc:datafield>
    <marc:datafield tag="650" ind1=" " ind2="6">
      <marc:subfield code="a">Photographie sous-marine</marc:subfield>
      <marc:subfield code="z">Québec (Province)</marc:subfield>
      <marc:subfield code="z">Saint-Laurent, Estuaire du.</marc:subfield>
    </marc:datafield>
    <marc:datafield tag="650" ind1=" " ind2="6">
      <marc:subfield code="a">Photographie sous-marine</marc:subfield>
      <marc:subfield code="z">Saint-Laurent, Golfe du.</marc:subfield>
    </marc:datafield>
    <marc:datafield tag="650" ind1=" " ind2="6">
      <marc:subfield code="a">Vidéographie sous-marine</marc:subfield>
      <marc:subfield code="z">Québec (Province)</marc:subfield>
      <marc:subfield code="z">Saint-Laurent, Estuaire du.</marc:subfield>
    </marc:datafield>
    <marc:datafield tag="650" ind1=" " ind2="6">
      <marc:subfield code="a">Vidéographie sous-marine</marc:subfield>
      <marc:subfield code="z">Saint-Laurent, Golfe du.</marc:subfield>
    </marc:datafield>
    <marc:datafield tag="650" ind1=" " ind2="6">
      <marc:subfield code="a">Échantillonnage (Écologie)</marc:subfield>
      <marc:subfield code="z">Québec (Province)</marc:subfield>
      <marc:subfield code="z">Saint-Laurent, Estuaire du.</marc:subfield>
    </marc:datafield>
    <marc:datafield tag="650" ind1=" " ind2="6">
      <marc:subfield code="a">Échantillonnage (Écologie)</marc:subfield>
      <marc:subfield code="z">Saint-Laurent, Golfe du.</marc:subfield>
    </marc:datafield>
    <marc:datafield tag="710" ind1="1" ind2=" ">
      <marc:subfield code="a">Canada. </marc:subfield>
      <marc:subfield code="b">Ministère des pêches et des océans, </marc:subfield>
      <marc:subfield code="e">organisme de publication.</marc:subfield>
    </marc:datafield>
    <marc:datafield tag="710" ind1="2" ind2=" ">
      <marc:subfield code="a">Institut Maurice Lamontagne. </marc:subfield>
      <marc:subfield code="b">Direction régionale des sciences, </marc:subfield>
      <marc:subfield code="e">organisme de publication.</marc:subfield>
    </marc:datafield>
    <marc:datafield tag="775" ind1="0" ind2="8">
      <marc:subfield code="t">Complementary underwater imaging methods for collecting biological and environmental data : </marc:subfield>
      <marc:subfield code="w">(CaOODSP)9.936606</marc:subfield>
    </marc:datafield>
    <marc:datafield tag="830" ind1="#" ind2="0">
      <marc:subfield code="a">Rapport technique canadien des sciences halieutiques et aquatiques ;</marc:subfield>
      <marc:subfield code="v">3605.</marc:subfield>
      <marc:subfield code="w">(CaOODSP)9.500867</marc:subfield>
    </marc:datafield>
    <marc:datafield tag="856" ind1="4" ind2="0">
      <marc:subfield code="q">PDF</marc:subfield>
      <marc:subfield code="s">6.04 Mo</marc:subfield>
      <marc:subfield code="u">https://publications.gc.ca/collections/collection_2024/mpo-dfo/Fs97-6-3605-fra.pdf</marc:subfield>
    </marc:datafield>
  </marc:record>
</marc:collection>
